000 00596cam a22002171 4500
001 sa 65002576
003 DLC
005 20260227112117.0
008 770214s1960 xx s000 0 eng
010 _asa 65002576
035 _a(OCoLC)2737016
040 _aDLC
_cPU
_dDLC
042 _apremarc
050 0 0 _aJQ220.L3
_bG8
110 1 _aGujarat, India (State).
_bOfficial Languages Committee.
245 0 0 _aReport.
260 _aAhmedabad,
_bDirector, Govt. Print., Publications and Stationery,
_c1960.
300 _a68 p.
_c24 cm.
500 _aCover title.
651 0 _aIndia
_xLanguages.
999 _c62703
_d62703